000 00831nam a2200253 a 4500
001 000047902
005 20240412074306.0
008 100118s2016 dr r 000 p spa d
020 _a9789945494204
040 _aDO-SdBNP
_bspa
_cBNPHU
082 _aRD861
_bU75p
245 0 0 _aSalomé Ureña :
_bpoemas de una dominicana.
250 _a2 ed.
260 _aSanto Domingo :
_bVicepresidencia de la República,
_c2016.
300 _a37 p. ;
_c21 cm.
490 _aLecturas breves
500 _aIncluye datos biográficos de la autora en la p. 2
590 _aInventariado, 2019/VM
600 1 0 _aUreña de Henríquez, Salomé ,
_d1850-1897
_9920
650 0 _aPoesía dominicana
_966
650 0 _aLiteratura dominicana.
_967
710 2 _aVicepresidencia de la República Dominicana
_975464
830 0 _aLecturas breves
_975465
999 _c47390
_d47390